000 00330nam a2200145 i 4500
001 bg
100 1 _aKUBIK, J. T.
245 0 _aRachunek prawdopodobieĊ„stwa /
_cJ.T. Kubik.
250 _aWyd.3 popr.
260 _aWarszawa,
_c1986.
040 _cBPK
041 _apol
942 _cKS
008 s pl f |000 0 pol
999 _c2647
_d2647
856 _uhttp://koha.tu.koszalin.pl/cgi-bin/koha/opac-detail.pl?biblionumber=2647
_yKatalog online BPK